My first day at school / (Record no. 113649)
[ view plain ]
| 000 -LEADER | |
|---|---|
| fixed length control field | 00547nam a2200193 a 4500 |
| 001 - CONTROL NUMBER | |
| control field | 3781 |
| 005 - DATE AND TIME OF LATEST TRANSACTION | |
| control field | 20140414132032.0 |
| 008 - FIXED-LENGTH DATA ELEMENTS--GENERAL INFORMATION | |
| fixed length control field | 061012s19uu xx 00 eng d |
| 020 ## - INTERNATIONAL STANDARD BOOK NUMBER | |
| International Standard Book Number | 1-56293-106-7 |
| 050 ## - LIBRARY OF CONGRESS CALL NUMBER | |
| Classification number | TR |
| Item number | M99 1992 |
| 100 ## - MAIN ENTRY--PERSONAL NAME | |
| Personal name | Herman, Emmi |
| 245 ## - TITLE STATEMENT | |
| Title | My first day at school / |
| Statement of responsibility, etc | by Emmi S. Herman ; pictures by Ruth J. Flanigan. |
| 260 ## - PUBLICATION, DISTRIBUTION, ETC. (IMPRINT) | |
| Place of publication, distribution, etc | New York : |
| Name of publisher, distributor, etc | McClanahan Book, |
| Date of publication, distribution, etc | 1992. |
| 300 ## - PHYSICAL DESCRIPTION | |
| Extent | 1 p. : ill. ; cm. |
| 440 ## - SERIES STATEMENT/ADDED ENTRY--TITLE | |
| Title | Storytime Books |
| 650 ## - SUBJECT ADDED ENTRY--TOPICAL TERM | |
| Topical term or geographic name as entry element | Schools |
| General subdivision | fiction. |
| 650 ## - SUBJECT ADDED ENTRY--TOPICAL TERM | |
| Topical term or geographic name as entry element | Children stories. |
| Withdrawn status | Lost status | Damaged status | Use restrictions | Home library | Current library | Shelving location | Date acquired | Source of acquisition | Total Checkouts | Full call number | Barcode | Date last seen | Price effective from | Koha item type |
|---|---|---|---|---|---|---|---|---|---|---|---|---|---|---|
| Munich Library | Munich Library | Teachers Reference Section | 10/12/2006 | TR M99 1992 | M5253 | 04/14/2014 | 04/14/2014 | Books |